The Mycenaeans /

محفوظ في:

المؤلف الرئيسي: Schofield, Louise (مؤلف)

التنسيق: كتاب

اللغة: English

منشور في: Los Angeles : J. Paul Getty Museum, 2007.

الموضوعات:

الوسوم: إضافة وسم

لا توجد وسوم, كن أول من يضع وسما على هذه التسجيلة!

رقم الطلب: DF220 .S36 2007

LEADER 01162namaa2200277 4500
001 22170
003 OSt
005 20251224110754.0
008 130303s2007 cauab b 001 0 eng d
010 |a 2006033014 
020 |a 9780892368679 
040 |c ARCE Library 
043 |a e-gr--- 
050 4 |a DF220 .S36 2007 
100 1 |a Schofield, Louise,  |e author  |9 39479 
245 1 4 |a The Mycenaeans /  |c Louise Schofield. 
264 1 |a Los Angeles :   |b J. Paul Getty Museum,   |c 2007. 
300 |a 208 pages :  |b illustrations (some color), maps ;  |c 24 cm. 
504 |a Includes bibliographical references (pages 199-201) and index. 
505 0 |a The discovery of the Mycenaeans -- The coming of the the Greeks? -- The grave circles of Mycenae -- The shaft grave era -- Minoans, Mycenaeans and the winds of change -- Palaces and kingdoms of the Mycenaens -- Trade and foreign relations -- The lives of the Mycenaeans -- Mycenaean religion -- Decline and fall of the Mycenaeans -- Myth, legend and the Trojan War. 
555 |a Sara.lib 
650 0 |a Civilization, Mycenaean. 
651 0 |a Greece  |x Antiquities. 
901 |a reviewed 
942 |c BK  |2 lcc 
999 |c 20771  |d 20771